header

Asterisk Gateway Interface 1.4 and 1.6 programming (Record no. 226183)

MARC details
000 -LEADER
fixed length control field 01352nam a2200325 a 4500
100 1# - MAIN ENTRY--AUTHOR NAME
Personal name Simionovich, Nir.
245 10 - TITLE STATEMENT
Title Asterisk Gateway Interface 1.4 and 1.6 programming
260 ## - PUBLICATION, DISTRIBUTION, ETC. (IMPRINT)
Place of publication Birmingham, U.K. :
Name of publisher Packt Pub.,
Year of publication 2009.
300 ## - PHYSICAL DESCRIPTION
Number of Pages v, 200 p. :
Other physical details ill.
490 1# - SERIES STATEMENT
Series statement From technologies to solutions
500 ## - GENERAL NOTE
General note Includes index.
650 #0 - SUBJECT ADDED ENTRY--TOPICAL TERM
Topical Term CGI (Computer network protocol)
Topical Term PHP (Computer program language)
856 40 - ELECTRONIC LOCATION AND ACCESS
Uniform Resource Identifier http://site.ebrary.com/lib/rucke/Doc?id=10456234

No items available.

© 2026 Rongo University
Contact us: librarian | system librarian | Rongo university